[Event "Quebec op"]
[Site "Montreal"]
[Date "2012.07.28"]
[Round "9"]
[White "Gedajlovic, Max"]
[Black "Ye, Stephen"]
[Result "0-1"]
[WhiteElo "1817"]
[BlackElo "1913"]
[PlyCount "88"]
[EventDate "2012.07.21"]
[EventType "swiss"]
[EventRounds "9"]
[EventCountry "CAN"]
[SourceTitle "EXT 2022"]
[Source "ChessBase"]
[SourceDate "2021.10.06"]
[SourceVersion "1"]
[SourceVersionDate "2021.10.06"]
[SourceQuality "1"]

1. d4 Nf6 2. c4 g6 3. Nc3 Bg7 4. e4 d6 5. f3 0-0 6. Be3 c5 7. Nge2 cxd4 8. Nxd4 Nc6 9. Qd2 Bd7 10. Be2 a5 11. g4 Rc8 12. h4 Ne5 13. b3 h5 14. g5 Nh7 15. f4 Ng4 16. Bxg4 Bxg4 17. Rc1 e5 18. Ndb5 Rc6 19. Nd5 exf4 20. Bxf4 Bf3 21. 0-0 Bxe4 22. Nxd6 Bxd5 23. Qxd5 Qd7 24. Ne4 Qg4+ 25. Bg3 Re6 26. Rf4 Qh3 27. Rf3 Be5 28. Nf2 Qxg3+ 29. Rxg3 Bxg3 30. Qxb7 Bxh4 31. c5 Nxg5 32. Rc4 Bxf2+ 33. Kxf2 Rfe8 34. Rc2 Rf6+ 35. Kg2 Rf4 36. Rf2 Rg4+ 37. Kh2 Rh4+ 38. Kg3 Rg4+ 39. Kh2 Re3 40. Qc8+ Kg7 41. Rxf7+ Kxf7 42. Qd7+ Kg8 43. Qd5+ Kh7 44. Qf7+ Nxf7 0-1

[Event "Canadian op 48th"]
[Site "Toronto"]
[Date "2011.07.12"]
[Round "4"]
[White "Ye, Stephen"]
[Black "Caire, Francois"]
[Result "0-1"]
[WhiteElo "1710"]
[BlackElo "2104"]
[PlyCount "61"]
[EventDate "2011.07.09"]
[EventType "swiss"]
[EventRounds "9"]
[EventCountry "CAN"]
[SourceTitle "EXT 2022"]
[Source "ChessBase"]
[SourceDate "2021.10.06"]
[SourceVersion "1"]
[SourceVersionDate "2021.10.06"]
[SourceQuality "1"]

1. e4 d5 2. exd5 Nf6 3. d4 Bg4 4. Be2 Bxe2 5. Nxe2 Qxd5 6. 0-0 Nc6 7. Nbc3 Qf5 8. Ng3 Qd7 9. Be3 0-0-0 10. Nce2 h5 11. c3 h4 12. Nh1 h3 13. g3 Ng4 14. b4 Nce5 15. Nf4 Qa4 16. Qe2 Nxe3 17. fxe3 Nd7 18. Rab1 e5 19. Nd3 exd4 20. exd4 Nf6 21. Nc5 Bxc5 22. bxc5 Rhe8 23. Qf3 Rd5 24. Nf2 Qxa2 25. Nxh3 Rh8 26. Nf2 Qc2 27. Rfc1 Qh7 28. h4 c6 29. Rb2 Re8 30. Rcb1 Re7 31. Nd3 0-1